Detalles MARC
| 000 -LEADER |
| fixed length control field |
01670nam a2200421Ii 4500 |
| 001 - CONTROL NUMBER |
| control field |
DIGDYK0335 |
| 003 - CONTROL NUMBER IDENTIFIER |
| control field |
NyNyDIG |
| 008 - FIXED-LENGTH DATA ELEMENTS--GENERAL INFORMATION |
| fixed length control field |
140328t20072007sp ob 001 0 spa d |
| 006 - FIXED-LENGTH DATA ELEMENTS--ADDITIONAL MATERIAL CHARACTERISTICS |
| fixed length control field |
m o d |
| 007 - PHYSICAL DESCRIPTION FIXED FIELD--GENERAL INFORMATION |
| fixed length control field |
cr ||||||||||| |
| 040 ## - CATALOGING SOURCE |
| Original cataloging agency |
DGITA |
| Language of cataloging |
eng |
| Description conventions |
rda |
| -- |
pn |
| Transcribing agency |
DGITA |
| 020 ## - INTERNATIONAL STANDARD BOOK NUMBER |
| Canceled/invalid ISBN |
9788498491104 |
| 020 ## - INTERNATIONAL STANDARD BOOK NUMBER |
| Canceled/invalid ISBN |
849849110X |
| 035 ## - SYSTEM CONTROL NUMBER |
| System control number |
(OCoLC)752429437 |
| 050 14 - LIBRARY OF CONGRESS CALL NUMBER |
| Classification number |
TA330 eBook |
| 100 1# - MAIN ENTRY--PERSONAL NAME |
| Personal name |
Kindelán, Ultano, |
| Relator term |
author. |
| 245 10 - TITLE STATEMENT |
| Title |
Fundamentos matemáticos de la ingeniería / |
| Statement of responsibility, etc. |
Ultano Kindelán, Marco Antonio Fontelos. |
| 250 ## - EDITION STATEMENT |
| Edition statement |
2a edición. |
| 264 #1 - PRODUCTION, PUBLICATION, DISTRIBUTION, MANUFACTURE, AND COPYRIGHT NOTICE |
| Place of production, publication, distribution, manufacture |
Madrid : |
| Name of producer, publisher, distributor, manufacturer |
Universidad Rey Juan Carlos. Servicio de Publicaciones : |
| -- |
Dykinson, S.L., |
| Date of production, publication, distribution, manufacture, or copyright notice |
[2007] |
| 264 #4 - PRODUCTION, PUBLICATION, DISTRIBUTION, MANUFACTURE, AND COPYRIGHT NOTICE |
| Date of production, publication, distribution, manufacture, or copyright notice |
©2007 |
| 300 ## - PHYSICAL DESCRIPTION |
| Extent |
1 online resource (564 pages) |
| 336 ## - CONTENT TYPE |
| Content type term |
text |
| Content type code |
txt |
| Source |
rdacontent |
| 337 ## - MEDIA TYPE |
| Media type term |
computer |
| Media type code |
c |
| Source |
rdamedia |
| 338 ## - CARRIER TYPE |
| Carrier type term |
online resource |
| Carrier type code |
cr |
| Source |
rdacarrier |
| 490 1# - SERIES STATEMENT |
| Series statement |
Ciencias experimentales y tecnología ; |
| Volume/sequential designation |
1 |
| 504 ## - BIBLIOGRAPHY, ETC. NOTE |
| Bibliography, etc. note |
Includes bibliographical references (pages 553-557) and index. |
| 588 0# - SOURCE OF DESCRIPTION NOTE |
| Source of description note |
Online resource; title from ePub and PDF title page (Digitalia, viewed March 28, 2014) |
| 650 #0 - SUBJECT ADDED ENTRY--TOPICAL TERM |
| Topical term or geographic name entry element |
Engineering mathematics. |
| 655 #0 - INDEX TERM--GENRE/FORM |
| Genre/form data or focus term |
Electronic books. |
| 700 1# - ADDED ENTRY--PERSONAL NAME |
| Personal name |
Fontelos, Marco Antonio, |
| Relator term |
author. |
| 791 2# - |
| -- |
Digitalia (Firm), |
| -- |
distributor. |
| 776 08 - ADDITIONAL PHYSICAL FORM ENTRY |
| Relationship information |
Print version: |
| Main entry heading |
Kindelán, Ultano. |
| Title |
Fundamentos matemáticos de la ingeniería. |
| Place, publisher, and date of publication |
Madrid : Dykinson, [2007] |
| International Standard Book Number |
9788498491104 |
| 793 0# - |
| -- |
Digitalia eBook Collection: |
| -- |
Dykinson Editorial. |
| 830 #0 - SERIES ADDED ENTRY--UNIFORM TITLE |
| Uniform title |
Ciencias experimentales y tecnología ; |
| Volume/sequential designation |
1. |
| 856 40 - ELECTRONIC LOCATION AND ACCESS |
| Materials specified |
Digitalia Hispánica |
| Uniform Resource Identifier |
<a href="https://www.digitaliapublishing.com/a/6589/">https://www.digitaliapublishing.com/a/6589/</a> |
| 910 ## - USER-OPTION DATA (OCLC) |
| User-option data |
Premium Collection: 2013 |
| 942 ## - ADDED ENTRY ELEMENTS (KOHA) |
| Koha item type |
Recurso Electrónico |